Para comprender la creación en clave cristiana

Salvato in:
Dettagli Bibliografici
Autore principale: Berzosa Martínez, Raúl (Autore)
Natura: Libro
Lingua:spagnolo
Pubblicazione: Pamplona Verbo Divino 2000
Serie:Para Comprender, 77
Soggetti:
Tags: Aggiungi Tag
Nessun Tag, puoi essere il primo ad aggiungerne!!

MARC

LEADER 00000nam a2200000 a 4500
001 UCL9670
003 CL-VaPUC
008 040820e20000000SP |||||||||||||||||spa|d
020 |a 8481694266 
082 0 4 |a 233.11  |b BER  |2 21 
100 0 |a Berzosa Martínez, Raúl  |e author  |9 487575 
245 1 0 |a Para comprender la creación en clave cristiana 
300 |a 197 p 
942 |c BK 
945 |d 20040820 00:00:00  |a cmena 
260 |a Pamplona  |b Verbo Divino  |c 2000 
650 0 |a Antropología   |9 233030 
650 0 |a Creación   |9 313344 
650 0 |a Teología cristiana  |9 308336 
583 |a last modification  |c 20130402 09:09:13  |k Rodrigo Vera 
490 0 |a Para Comprender, 77 
999 |c 310387  |d 310385 
952 |0 0  |1 0  |4 0  |6 233_110000000000000_BER_2000  |7 0  |8 F  |9 378736  |a BIBTEO  |b BIBTEO  |d 2019-11-21  |i 4049896  |o 233.11 BER 2000  |p 4049896  |r 2025-01-17  |w 2019-11-21  |y BK_F  |k ICR